000 00206nam a22000857a 4500
008 160809b xxu||||| |||| 00| 0 eng d
100 _988
_aOm Kidz
245 _a5 Minute Tales
260 _aNew Delhi
_bOm Kidz
_c2012
999 _c2742
_d2742